Statistiken für Deutsche Bundesländer

Klicken Sie hier um das Quiz zu spielen!

Allgemein

  • Dieses Quiz wurde 29.358 mal gespielt
  • Das Durchschnittsergebnis liegt bei 15 aus 16

Antworten auf der Karte

Die Antworten werden auf der Karte rot bzw. grün angezeigt, abhängig davon wie oft sie richtig erraten wurden.
Laden ...
 

Antwortstatistiken

Bundesland% Korrekt
Bayern
99%
Berlin
99%
Hamburg
97%
Sachsen
96%
Bremen
95%
Nordrhein-Westfalen
94%
Saarland
93%
Baden-Württemberg
92%
Brandenburg
92%
Sachsen-Anhalt
92%
Hessen
90%
Niedersachsen
90%
Schleswig-Holstein
90%
Thüringen
90%
Mecklenburg-Vorpommern
89%
Rheinland-Pfalz
86%

Verteilung der Resultate

Perzentil nach korrekt beantworteten Fragen

Anzahl Personen mit jedem Resultat

Ihre Resultats-Entwicklung

Sie haben dieses Quiz noch nicht gespielt